Quick Pick: Shakespeare Plays Quiz Stats

Quiz Updated Apr 5, 2016

Challenge
Share
Tweet
Embed
Score 0/17 Timer 01:00
1 Play Today
% Correct
Dream
93.1%
Ado
92.6%
Cleopatra
91.6%
Lear
91.3%
Shrew
91.2%
Night
90.5%
Merchant
90.2%
Comedy
87.2%
Measure
86.8%
% Correct
Windsor
85%
Labour's
83.9%
Gentlemen
83.4%
Winter's
82.4%
Titus
77.1%
Troilus
73.8%
Athens
72.4%
Kinsmen
71%

Today's Daily Dose

Missing Word
For Dummies Books

Word Ladder
Ariana Grande

Quick Pick
1970s Authors

On This Day
June 21st II

You're not logged in!

Compare scores with friends on all Sporcle quizzes.
Join for Free
OR
Log In

You Might Also Like...

Show Comments

Extras

Top Quizzes Today


Score Distribution

Your Account Isn't Verified!

In order to create a playlist on Sporcle, you need to verify the email address you used during registration. Go to your Sporcle Settings to finish the process.

Report this User

Report this user for behavior that violates our Community Guidelines.

Details: